01760cam a2200505 i 45000010008000000030004000080050017000120080041000290100017000700150019000870160018001060160018001240200015001420200018001570200015001750200015001900200018002050200018002230200015002410350107002560350018003630400090003810500021004710600023004920820016005150840019005312450161005502500012007112600043007233000065007663360026008313370028008573380027008855000062009125040051009746500023010256500036010486500011010846500012010956500024011076500049011316530023011807000020012037100031012232990293OSt20210628091312.0770318s1976 enkak b 001 0 eng  a 77364729  aGB77084232bnb7 a77036382DNLM7 a0090788602Uk a0632004363 a9780632004362 z0632004633 a0632000899 a9780632000890 a9780632004638 a0632004630 a(OCoLC)02812490z(OCoLC)02952225z(OCoLC)16385462z(OCoLC)38082089z(OCoLC)504967311z(OCoLC)977457582 aucoclc2812490 aDLCbengcDLCdWSMdUKMdAUTdOCLCQdMUQdNLMdOCLCQdMCLdGBVCPdOCLCOdOCLCFdOCLCQ14aRD137b.P75 198000aWO 925bR888c 197600a617/.98219 aH 062blsrissc00aClinical paediatric surgery :bdiagnosis and management /cby the staff of the Royal Children's Hospital, Melbourne ; compiled and edited by Peter G. Jones. a2nd ed. aOxford :bBlackwell Scientific,c1976. axiv, 586 pages :billustrations (some color), forms ;c24 cm atextbtxt2rdacontent aunmediatedbn2rdamedia avolumebnc2rdacarrier aDistributed in the U.S. by J.B. Lippincott, Philadelphia. aIncludes bibliographical references and index. 0aChildrenxSurgery. 2aSurgical Procedures, Operative.22aChild.22aInfant. 6aEnfantsxChirurgie. 7aChildrenxSurgery.2fast0(OCoLC)fst00855161 aChildrenaSurgery.1 aJones, Peter G.2 aRoyal Children's Hospital.